La teoría social, hoy /

Guardado en:
Bibliografiske detaljer
Andre forfattere: Giddens, Anthony (introducción) (introducción), Turner, Jonathan H. (introducción) (introducción), Alborés, Jesús (traducción) (traducción)
Format: Bog
Sprog:spansk
Udgivet: México : CONACULTA : Alianza, 1991, c1991
Tags: Tilføj Tag
Ingen Tags, Vær først til at tagge denne postø!

MARC

LEADER 00000nam^a2200000^a^4500
001 000629424
005 20260320000000.0
009 20260407175347.556
020 |a 968-39-0450-5 
037 |a Acervo Xavier Clavigero 
041 |a ESP 
091 |a FHG. 01597 
245 0 3 |a La teoría social, hoy / 
264 4 |a México :  |b CONACULTA :  |b Alianza,  |c 1991, c1991 
300 |a 537 p. 
336 |a texto  |b txt  |2 rdacontenido 
337 |a sin mediación  |b n  |2 rdamedio 
338 |a volumen  |b nc  |2 rdasoporte 
649 |a XX 
700 |a Giddens, Anthony  |e (introducción) 
700 |a Turner, Jonathan H.  |e (introducción) 
700 |a Alborés, Jesús  |e (traducción) 
910 |a Fondo Humberto García Bedoy S.J. 
920 |a Impresos - Libros 
930 |a Fondos Especiales 
905 |a 148 
901 |a 629424-10  |b IT2  |c ESP  |i D  |u 20260320 
902 |a https://opac.biblio.iteso.mx/vufind/Record/000629424